000
00308nam a22001217a 4500
082
_a
894.812
_b
MAL
245
_a
MALAYALAM AKSHARAMALA
_b
KATHAKALUM KAVITHAKALUM CHERNNATH
260
_a
THRISSUR
_b
H & C PUBLISHING HOUSE
300
_a
48
520
_a
POETRY & STORIES
650
_a
POETRY & STORIES
942
_c
BK
999
_c
4241
_d
4241